| 000 | 01219nam2a22002651 4500 | ||
|---|---|---|---|
| 001 | v19\rc\1887592 | ||
| 005 | 20251118180351.2 | ||
| 035 | _a(NLR Aleph) 004975996 | ||
| 090 |
_a6134867 _c6134867 |
||
| 100 | _a20080221d1914 u y0rusy50 ca | ||
| 101 | 0 | _arus | |
| 102 | _aRU | ||
| 105 | _ay z ||||| | ||
| 200 | 0 | _aза 1913 год | |
| 210 | _d[1914] | ||
| 215 | _a12 с. | ||
| 461 | 0 |
_1001v19\rc\1887587 _12001#$aОтчет о деятельности Хаджибейского питомника американских виноградных лоз Херсонского губернского земства...$vза 1913 год _96134817 _aХаджибейский питомник американских лоз (Херсон. губ.) _cХерсон _d[1910]-[1915] _tОтчет о деятельности Хаджибейского питомника американских виноградных лоз Херсонского губернского земства... _vза 1913 год |
|
| 801 | 0 |
_aRU _bNLR _gpsbo |
|
| 801 | 0 |
_aRU _bRuMoRGB _2psbo |
|
| 801 | 1 |
_aRU _bProSoft-M _2rusmarc |
|
| 852 |
_aNLR _bЗем _j45/О39 |
||
| 899 |
_aRuMoRGB _jV 258/234 |
||
| 899 | _aБАН | ||
| 942 | _cBOOK | ||
| 980 | _aNB | ||